| 000 | 00397nam a22001457a 4500 | ||
|---|---|---|---|
| 005 | 20200611110347.0 | ||
| 008 | 200611b xxu||||| |||| 00| 0 eng d | ||
| 082 | _a345.4 AIR | ||
| 110 |
_aALL INDIA REPORTER, _95970 |
||
| 245 | _aALL INDIA REPORTER, [1998] [VOL-85] ALLAHABAD SECTION | ||
| 260 |
_aBOMBAY _bALL INDIA REPORTER, PVT, LTD. |
||
| 300 | _a416;p | ||
| 650 |
_aLAW _95701 |
||
| 942 | _cJRL | ||
| 999 |
_c7031 _d7029 |
||